00486nam a2200157Ia 4500100002400000650001200024942000700036366000900043245002600052260002500078082002000103300000800123546001200131999001700143952016800160 aMahapragya/Acharya  aGeneral cBK f17.5 aThe family and nation bHarper collinsc2008 a320.11/MAHbMAH a213 aENGLISH c20118d20118 001040708CRCaCRCEbCRCEd2023-03-17eEducational books and periodicalsg206.25i258 dt 27/04/2009l0o320.11/MAH MAHp19606r2023-03-17v250.00w0000-00-00yBK